| 000 | 00728nam a2200289Ia 4500 | ||
|---|---|---|---|
| 008 | 181129s9999 xx 000 0 und d | ||
| 020 | _a078073004508 | ||
| 050 | _bM146 1998 | ||
| 100 | _aMcGovern, Ann | ||
| 245 | 0 | _aAdventures of the shark lady : | |
| 245 | 0 | _bEugenie Clark around the world / | |
| 245 | 0 | _cby Ann McGovern. | |
| 260 | _aNew York, NY : | ||
| 260 | _bScholastic, | ||
| 260 | _c1998 | ||
| 300 | _a79 pages : | ||
| 300 | _billustrations ; | ||
| 300 | _c19cm. | ||
| 440 | _aScholastic biography. | ||
| 500 | _a890L | ||
| 650 | _aIchthyologists. | ||
| 650 | _aReaders (Elementary). | ||
| 650 | _aSharks -- Research. | ||
| 650 | _aUnited States. | ||
| 700 | _aSeries. | ||
| 700 | _aTitle. | ||
| 999 |
_c360112 _d360112 |
||